| 000 | 00404cam a2200133 4500 | ||
|---|---|---|---|
| 020 | _a9027703892 | ||
| 050 | 0 | 0 |
_aQD544.5 _b.S57 |
| 100 | 1 | _aTrémillon, B. | |
| 245 | 1 | 0 |
_aChemistry in non-aqueous solvents. _c[Translated from the French by N. Corcoran] |
| 260 |
_aDordrecht, _aBoston, _bD. Reidel _c[1974] |
||
| 300 | _avi, 285 p. | ||
| 500 | _aTranslation of La chimie en solvants non-aqueux. | ||
| 942 | _cGEN | ||
| 999 |
_c2163 _d2163 |
||